Skladový a obchodní program
Uložené v:
| Korporácia: | , |
|---|---|
| Médium: | Kniha |
| Jazyk: | Czech |
| Vydané: |
[2006]
|
| Fyzický popis: |
11 s. |
| Tagy: |
Pridať tag
Žiadne tagy, Buďte prvý kto otaguje tento záznam!
|
Titul je dostupný aj v ... 

MARC
| LEADER | 00000nam a2200000 a 4500 | ||
|---|---|---|---|
| 001 | 000332113 | ||
| 005 | 20061005085610.0 | ||
| 008 | 061005s2006 e czeo | ||
| 040 | |a KE001 |b slo | ||
| 080 | |a 669.1 |2 undef | ||
| 110 | 2 | |a SALZGITTER AG (Nemecko) |4 aut | |
| 245 | 1 | 0 | |a Skladový a obchodní program |
| 260 | |c [2006] | ||
| 300 | |a 11 s. | ||
| 710 | 2 | |a SALZGITTER Mannesmann Stahlhandel, s. r. o. (Na Bojišti 24, 120 00 Praha 2, ČR) |4 com | |
| 850 | |a KE001 | ||
| 998 | |a FL | ||
| 992 | |a FFP | ||
| 090 | |g SCKHL |k SK42 |a 669.1 |j 213402 |i I5881 |4 zastaraná |s Vyradená | ||